000 01313cam a2200133 4500500
005 20251214005054.0
041 _afre
042 _adc
100 1 0 _aBozon, Michel
_eauthor
245 0 0 _aSociologie de la sexualité
260 _bArmand Colin,
_c2018.
520 _aLa sexualité a débordé des cadres qui naguère encore la contenaient, la religion, le mariage et la famille, l’hétérosexualité. Sa présence publique et son empire sur nous se sont considérablement élargis. À l’âge numérique, nouvelle étape de la mondialisation, la multiplication des discours et la circulation des images contribuent à sa visibilité croissante et à une mise en débat sans précédent des normes sexuelles. Une obligation diffuse au sexe tout au long de la vie s’est insinuée en nous. Confronté à ses désirs, chacun doit élaborer lui-même ses lignes de conduite. Cette nouvelle édition, fortement augmentée, prend en compte les enquêtes, les travaux et les débats les plus récents. Elle montre que, même s’ils sont de plus en plus sensibles aux aspirations à l’égalité, les comportements sexuels restent pris dans l’entrelacs des inégalités du monde social.
856 4 1 _uhttps://shs.cairn.info/sociologie-de-la-sexualite--9782200621643?lang=fr&redirect-ssocas=7080
999 _c1568652
_d1568652